000 00679nas a2200229 4500
001 BR9502415
003 BR-BrBNA
005 20231205094326.0
007 ta
008 230509b bl.|||p| |||| 00| 00por d
040 _aBR-BrBNA
_bpor
_cBiblioteca Nacional de Agricultura
041 _a(Pt)
072 _aF02
100 1 _aSilva, J.B.C.
100 1 _aLopes, C.A.
245 1 _aUso de parafina na conservacao de ramas de batata-doce
650 _aBatata Doce
650 _aPropagacao Vegetativa
773 0 _tHorticultura Brasileira (Brazil)
_xISSN 0102-0536
_g(May 1993), v. 11(1) p. 25-27
_wBR9502415
909 _a202311
_bLúcia
_c55
_dLúcia Elande
942 _2AGRIS
_n0
_cANA
999 _c143593
_d143593